Discourses on Algebra /
Contenido: 1) Enteros; 2) Propiedades simples de los polinomios; 3) Conjuntos finitos; 4) Números primos; 5) Números reales y polinomios; 6) Conjuntos infinitos; 7) Series de potencia.
Gespeichert in:
| 1. Verfasser: | |
|---|---|
| Format: | Buch |
| Sprache: | Englisch |
| Veröffentlicht: |
Berlín, Alemania :
Springer,
2003, c2003
|
| Schriftenreihe: | (Universitext)
|
| Schlagworte: | |
| Tags: |
Keine Tags, Fügen Sie das erste Tag hinzu!
|
MARC
| LEADER | 00000nam^a2200000^a^4500 | ||
|---|---|---|---|
| 001 | 000303037 | ||
| 005 | 20250521000000.0 | ||
| 009 | 20260310112637.301 | ||
| 020 | |a 3-540-42253-6 | ||
| 037 | |a Acervo ITESO - Biblioteca | ||
| 041 | |a ING | ||
| 082 | |a 512. |b SHA | ||
| 100 | |a Shafarevich, Igor R. |e (autor) | ||
| 245 | 1 | 0 | |a Discourses on Algebra / |c I.R. Shafarevich ; tr por William B. Everett. |
| 264 | 4 | |a Berlín, Alemania : |b Springer, |c 2003, c2003 | |
| 300 | |a X, 276 p. | ||
| 336 | |a texto |b txt |2 rdacontenido | ||
| 337 | |a sin mediación |b n |2 rdamedio | ||
| 338 | |a volumen |b nc |2 rdasoporte | ||
| 440 | 1 | |a (Universitext) | |
| 520 | |a Contenido: 1) Enteros; 2) Propiedades simples de los polinomios; 3) Conjuntos finitos; 4) Números primos; 5) Números reales y polinomios; 6) Conjuntos infinitos; 7) Series de potencia. | ||
| 649 | |a XX | ||
| 650 | |a Polinomios | ||
| 650 | |a Teoría de Conjuntos | ||
| 650 | |a Números | ||
| 650 | |a Algebra - |x Tema Principal | ||
| 650 | |a Matemáticas | ||
| 910 | |a Fondo General | ||
| 920 | |a Impresos - Libros | ||
| 930 | |a Colección General | ||
| 905 | |a 101 | ||
| 901 | |a 0500189223 |b IT1 |c ACC |i C124249 |u 20250521 | ||
| 902 | |a https://opac.biblio.iteso.mx/vufind/Record/000303037 | ||